00332nam a2200121Ia 4500008004100000041000800041082001600049100001500065245006100080260003300141300001900174999001700193241015s9999 xx 000 0 und d aeng a153.852 TAN aSchlachter aIncreasing Your Influence At Work All-In-One For Dummies bWiley IndiaaNew Delhic2018 a570;. P. 23 cm c41899d41899